000 00667cam a22002293a 4500
001 19122
003 PGUSA
005 20140828083415.0
008 060825s2006||||xxu|||||s|||||000 | eng d
040 _aPGUSA
_beng
042 _adc
050 4 _aPS
100 1 _aSherley, Douglass,
_d1857-1917
245 1 0 _aLove Instigated :
_bThe Story of a Carved Ivory Umbrella Handle
_h[electronic resource] /
_cDouglass Sherley
260 _bProject Gutenberg,
_c2006
506 _aPublic domain in the USA.
516 _aElectronic text
653 _aShort stories
830 0 _aProject Gutenberg
_v19122
856 4 0 _uhttp://www.gutenberg.org/ebooks/19122
942 _cEB
999 _c248377
_d248377